000
00325nam a22001457a 4500
008
180817b xxu||||| |||| 00| 0 eng d
020
_a
0070416400
041
_a
eng
080
_a
33
082
_a
33
100
_a
59
101
_a
BIZ
245
_a
Accounting the basis for business decisions
_c
Meigs.W
942
_2
udc
_c
BK
999
_c
47193
_d
47193